[Event "XXVII Festival Conca della Presolana A"]
[Site "Bratto - Castione della Presolana ITA"]
[Date "2007.08.27"]
[Round "5"]
[White "Piemonti, Carlo"]
[Black "Scalcione, Michelangelo"]
[Result "0-1"]
[WhiteElo "2029"]
[BlackElo "2288"]
[PlyCount "38"]
[EventDate "2007.08.23"]

1. e4 d6 2. d4 Nf6 3. Nc3 e5 4. Nf3 Nbd7 5. Bc4 Be7 6. O-O O-O 7. Re1 a6 8. a4
b6 9. d5 Kh8 10. Ng5 h6 11. Nf3 Ng8 12. b4 g6 13. g4 Ndf6 14. h3 h5 15. g5 Nh7
16. h4 Bg4 17. Be2 f6 18. gxf6 Bxf6 19. Nxe5 Bxe5 0-1

[Event "XXVII Festival Conca della Presolana A"]
[Site "Bratto - Castione della Presolana ITA"]
[Date "2007.08.27"]
[Round "5"]
[White "Piscopo, Pierluigi"]
[Black "Chkhaidze, Nikoloz"]
[Result "0-1"]
[WhiteElo "2392"]
[BlackElo "2183"]
[PlyCount "74"]
[EventDate "2007.08.23"]

1. e4 c6 2. c4 d5 3. exd5 cxd5 4. cxd5 Nf6 5. Nf3 Nxd5 6. Nc3 Nc6 7. Bb5 Nxc3
8. bxc3 Qd5 9. Qe2 Bg4 10. d4 e6 11. Rb1 Bxf3 12. gxf3 Be7 13. Rg1 O-O 14. Bd3
g6 15. Rb5 Qd7 16. f4 Bf6 17. Qe3 Ne7 18. Bd2 a6 19. Rh5 Bg7 20. Rhg5 Nf5 21.
Qh3 b5 22. Qf3 Rfd8 23. h4 Nxh4 24. Qh3 Nf5 25. Rh1 h6 26. Rgg1 b4 27. cxb4
Qxd4 28. Ke2 Qd5 29. Rd1 Nd4+ 30. Kf1 Qxa2 31. Bb1 Qb3 32. Qxb3 Nxb3 33. Ke2
Nxd2 34. Rxd2 Rxd2+ 35. Kxd2 Rb8 36. f5 exf5 37. Rh4 a5 0-1

[Event "XXVII Festival Conca della Presolana A"]
[Site "Bratto - Castione della Presolana ITA"]
[Date "2007.08.27"]
[Round "5"]
[White "Podini, Francesco"]
[Black "Poletti, Fausto"]
[Result "1-0"]
[WhiteElo "2075"]
[BlackElo "2012"]
[PlyCount "39"]
[EventDate "2007.08.23"]

1. e4 c5 2. Nc3 Nc6 3. f4 d6 4. Nf3 g6 5. Bc4 e6 6. O-O Bg7 7. f5 gxf5 8. d3
Nge7 9. Bg5 Qa5 10. Nb5 Kd7 11. Bd2 Qb6 12. Ng5 Ne5 13. Qh5 Rf8 14. Qxh7 Bf6
15. Qh6 N5g6 16. Nh7 Ng8 17. Nxf8+ Ke8 18. Qh7 Kxf8 19. exf5 d5 20. fxg6 1-0

[Event "XXVII Festival Conca della Presolana A"]
[Site "Bratto - Castione della Presolana ITA"]
[Date "2007.08.27"]
[Round "5"]
[White "Pomaro, Alberto"]
[Black "Isonzo, David"]
[Result "1/2-1/2"]
[WhiteElo "2149"]
[BlackElo "2356"]
[PlyCount "69"]
[EventDate "2007.08.23"]

1. d4 d5 2. c4 dxc4 3. Nf3 Nf6 4. Nc3 a6 5. a4 Nc6 6. e3 Na5 7. Ne5 Be6 8. Ra3
g6 9. e4 c6 10. Be2 Bg7 11. O-O b5 12. axb5 axb5 13. Nxc6 Nxc6 14. Rxa8 Qxa8
15. d5 Bd7 16. Nxb5 O-O 17. dxc6 Qxc6 18. Na3 Be6 19. Qc2 Rc8 20. f3 Nd7 21.
Kh1 Nc5 22. Bxc4 Nb3 23. Qxb3 Bxc4 24. Nxc4 Qxc4 25. Qxc4 Rxc4 26. Rd1 f5 27.
exf5 gxf5 28. b3 Rc3 29. b4 Rb3 30. Bg5 Kf7 31. Re1 Bf6 32. Bxf6 Kxf6 33. f4
Rxb4 34. g3 Rb2 35. Kg1 1/2-1/2

[Event "XXVII Festival Conca della Presolana A"]
[Site "Bratto - Castione della Presolana ITA"]
[Date "2007.08.27"]
[Round "5"]
[White "Pulvirenti, Gianni"]
[Black "Turci, Alberto"]
[Result "1-0"]
[WhiteElo "1987"]
[BlackElo "2007"]
[PlyCount "53"]
[EventDate "2007.08.23"]

1. c4 Nf6 2. g3 g6 3. Bg2 Bg7 4. Nc3 e5 5. d3 d6 6. Nf3 O-O 7. O-O c6 8. Bg5 h6
9. Bd2 Ne8 10. b4 f5 11. Rb1 Na6 12. b5 Nc5 13. bxc6 e4 14. Ne1 Nf6 15. d4 e3
16. fxe3 Nce4 17. cxb7 Bxb7 18. Rxb7 Qc8 19. Nxe4 fxe4 20. Qb3 Kh8 21. Nc2 Qg4
22. d5 Qxe2 23. Bc3 h5 24. Rxg7 Kxg7 25. Qb7+ Kh6 26. Bxf6 Rg8 27. h4 1-0

[Event "XXVII Festival Conca della Presolana A"]
[Site "Bratto - Castione della Presolana ITA"]
[Date "2007.08.27"]
[Round "5"]
[White "Qendro, Llambi"]
[Black "Cebalo, Miso"]
[Result "1/2-1/2"]
[WhiteElo "2386"]
[BlackElo "2533"]
[PlyCount "33"]
[EventDate "2007.08.23"]

1. d4 Nf6 2. c4 e6 3. Nf3 c5 4. d5 d6 5. Nc3 exd5 6. cxd5 g6 7. h3 a6 8. a4 Qc7
9. Bg5 Bg7 10. e3 h6 11. Bh4 O-O 12. Bd3 Nbd7 13. O-O b6 14. Re1 Re8 15. Nd2
Rb8 16. Qe2 g5 17. Bg3 1/2-1/2

[Event "XXVII Festival Conca della Presolana A"]
[Site "Bratto - Castione della Presolana ITA"]
[Date "2007.08.27"]
[Round "5"]
[White "Radice, Luca"]
[Black "Massironi, Marco"]
[Result "1-0"]
[WhiteElo "2056"]
[BlackElo "2129"]
[PlyCount "129"]
[EventDate "2007.08.23"]

1. d4 Nf6 2. c4 c5 3. d5 e6 4. Nc3 exd5 5. cxd5 d6 6. e4 a6 7. a4 g6 8. f4 Bg4
9. Nf3 Bg7 10. h3 Bxf3 11. Qxf3 O-O 12. Bd3 Nbd7 13. O-O Qc7 14. a5 Rfe8 15.
Ra4 Re7 16. g4 h6 17. h4 h5 18. g5 Ng4 19. e5 dxe5 20. Ne4 exf4 21. d6 Qc6 22.
Qxf4 Be5 23. dxe7 Bxf4 24. Rxf4 Nde5 25. Be2 c4 26. Ra3 Re8 27. Bxg4 Rxe7 28.
Nf6+ Kg7 29. Bf3 Qc5+ 30. Be3 Qb4 31. Bd4 Qe1+ 32. Kg2 Qd2+ 33. Kg3 Qe1+ 34.
Kh3 Nxf3 35. Raxf3 Qh1+ 36. Kg3 Re2 37. Nxh5+ Kg8 38. Nf6+ Kg7 39. Nh5+ Kg8 40.
Nf6+ Kg7 41. Ng4+ Kg8 42. Nh6+ Kf8 43. Rxf7+ Ke8 44. Bf2 Rxb2 45. Re3+ Kd8 46.
Ree7 Rb3+ 47. Be3 Qd5 48. Ng4 Qd6+ 49. Kf2 Rb2+ 50. Kf3 Qxe7 51. Rxe7 Kxe7 52.
Ne5 c3 53. Nxg6+ Ke6 54. Nf4+ Kf5 55. g6 Kf6 56. Bd4+ Ke7 57. Bxc3 Rb3 58. Kg4
Kf8 59. Be5 Rb5 60. Bc7 Kg7 61. h5 Kh6 62. Bb6 Rb4 63. Kf5 Rb5+ 64. Kf6 Rb3 65.
Bc5 1-0

[Event "XXVII Festival Conca della Presolana A"]
[Site "Bratto - Castione della Presolana ITA"]
[Date "2007.08.27"]
[Round "5"]
[White "Reduzzi, Maurizio"]
[Black "Salmoiraghi, Angelo"]
[Result "1-0"]
[WhiteElo "2105"]
[BlackElo "2031"]
[PlyCount "111"]
[EventDate "2007.08.23"]

1. d4 d5 2. Nf3 Nc6 3. c4 Bg4 4. e3 e6 5. Nc3 Nf6 6. cxd5 Nxd5 7. h3 Bxf3 8.
Qxf3 Bb4 9. Bd2 O-O 10. Bc4 Nb6 11. Bb5 Ne7 12. a3 Bxc3 13. bxc3 c6 14. Be2 Nd7
15. O-O e5 16. e4 Ng6 17. a4 Qh4 18. Rab1 b6 19. Rfe1 Rae8 20. Bf1 Re6 21. Qg4
Qd8 22. Bc4 Rd6 23. Bg5 Nf6 24. Qf5 h6 25. Qxg6 hxg5 26. dxe5 Rd5 27. Bxd5 Nxd5
28. Qxc6 Nf4 29. Rbd1 Qe7 30. Qd6 Qb7 31. Kh2 Qc8 32. Re3 Qc4 33. Qd4 Qe6 34.
Qd7 Qxe5 35. g3 Ne6 36. Qd5 Qf6 37. Kg2 Qg6 38. Qf5 Qh5 39. Qg4 Qh6 40. h4 gxh4
41. Qxh4 Qg6 42. Rh1 f6 43. f4 Qe8 44. Qh7+ Kf7 45. Qh5+ Ke7 46. Qxe8+ Rxe8 47.
f5 Nc5 48. e5 Rd8 49. e6 Rd2+ 50. Kf3 Nd3 51. Rh7 Rf2+ 52. Kg4 Ne5+ 53. Rxe5
fxe5 54. Rxg7+ Kd6 55. Rd7+ Kc6 56. Rd1 1-0

[Event "XXVII Festival Conca della Presolana A"]
[Site "Bratto - Castione della Presolana ITA"]
[Date "2007.08.27"]
[Round "5"]
[White "Romanishin, Oleg M."]
[Black "Erturan, Yakup"]
[Result "1/2-1/2"]
[WhiteElo "2546"]
[BlackElo "2389"]
[PlyCount "65"]
[EventDate "2007.08.23"]

1. d4 Nf6 2. Nf3 e6 3. g3 c5 4. Bg2 cxd4 5. Nxd4 Nc6 6. c4 Ne5 7. Qc2 Qb6 8.
Nb3 Qc7 9. c5 d5 10. Bf4 Nh5 11. Be3 b6 12. N1d2 Bb7 13. O-O Nd7 14. Rac1 Rc8
15. c6 Qxc6 16. Qxc6 Rxc6 17. Rxc6 Bxc6 18. Rc1 Nc5 19. Nxc5 Bxc5 20. Bxc5 bxc5
21. Rxc5 Kd7 22. Ra5 Ra8 23. Nf3 Bb7 24. Ne5+ Ke7 25. f4 Nf6 26. Rb5 Bc8 27.
Kf2 Ne8 28. e4 Nd6 29. Rc5 dxe4 30. Rc7+ Kd8 31. Rc6 Ke7 32. Rc7+ Kd8 33. Rc6
1/2-1/2

[Event "XXVII Festival Conca della Presolana A"]
[Site "Bratto - Castione della Presolana ITA"]
[Date "2007.08.27"]
[Round "5"]
[White "Rossi, Carlo"]
[Black "Brunello, Sabino"]
[Result "0-1"]
[WhiteElo "2340"]
[BlackElo "2475"]
[PlyCount "46"]
[EventDate "2007.08.23"]

1. f4 d5 2. Nf3 Nf6 3. e3 e6 4. b3 c5 5. Bb2 Be7 6. Ne5 O-O 7. Bd3 Nc6 8. Nxc6
bxc6 9. O-O Rb8 10. Rf3 g6 11. Qc1 Nd7 12. c4 f5 13. g4 fxg4 14. Rg3 e5 15.
fxe5 Bh4 16. Rg2 d4 17. exd4 Nxe5 18. dxe5 Qxd3 19. Na3 Qh3 20. Qd1 Rf3 21. Qe2
Be6 22. Qe4 Rbf8 23. Qxc6 g3 0-1

[Event "XXVII Festival Conca della Presolana A"]
[Site "Bratto - Castione della Presolana ITA"]
[Date "2007.08.27"]
[Round "5"]
[White "Sbarra, Marco"]
[Black "Jablon, Stephen"]
[Result "1-0"]
[WhiteElo "2233"]
[BlackElo "2024"]
[PlyCount "101"]
[EventDate "2007.08.23"]

1. d4 Nc6 2. c4 e5 3. Nf3 exd4 4. Nxd4 Bb4+ 5. Nc3 Nxd4 6. Qxd4 Qf6 7. e3 Qxd4
8. exd4 Bxc3+ 9. bxc3 Nf6 10. Ba3 d6 11. Bd3 O-O 12. O-O Bg4 13. h3 Bh5 14. f4
Rfe8 15. Rae1 d5 16. g4 dxc4 17. Bxc4 Ne4 18. Bd5 Ng3 19. Bxb7 Nxf1 20. Kxf1
Rxe1+ 21. Kxe1 Rb8 22. Bd5 Bg6 23. f5 Bxf5 24. gxf5 Rb5 25. Bc5 a5 26. Kd2 Rb2+
27. Kd3 Rh2 28. a4 Rxh3+ 29. Kc4 h5 30. Be7 Re3 31. Bd8 Re8 32. Bh4 Re3 33. Bd8
Re8 34. Bg5 Re1 35. Kc5 Rf1 36. Bd8 Rxf5 37. Bxc7 h4 38. Bxa5 g5 39. Bc7 g4 40.
a5 g3 41. a6 g2 42. Bh2 Rf1 43. a7 g1=Q 44. a8=Q+ Kg7 45. Bxg1 Rxg1 46. Qe8 Rf1
47. Qe5+ Kg6 48. Qe2 Rf4 49. Qg2+ Kh5 50. Bf3+ Kh6 51. d5 1-0

[Event "XXVII Festival Conca della Presolana A"]
[Site "Bratto - Castione della Presolana ITA"]
[Date "2007.08.27"]
[Round "5"]
[White "Shytaj, Luca"]
[Black "Mogranzini, Roberto"]
[Result "1-0"]
[WhiteElo "2451"]
[BlackElo "2411"]
[PlyCount "59"]
[EventDate "2007.08.23"]

1. e4 c5 2. Na3 e6 3. c3 Nf6 4. d3 Nc6 5. f4 d5 6. e5 Nd7 7. Nf3 f6 8. d4 cxd4
9. cxd4 Bb4+ 10. Bd2 Qb6 11. Bxb4 Qxb4+ 12. Qd2 Qxd2+ 13. Kxd2 a6 14. Nc2 O-O
15. h4 Nb6 16. b3 Bd7 17. h5 h6 18. Bd3 fxe5 19. fxe5 Nc8 20. Ke3 N8e7 21. g4
Rf7 22. Rag1 Raf8 23. Rh3 Be8 24. g5 Kh8 25. Nh4 Rf4 26. Ng6+ Nxg6 27. hxg6 Kg8
28. gxh6 gxh6 29. g7 R8f7 30. Bh7+ 1-0

[Event "XXVII Festival Conca della Presolana A"]
[Site "Bratto - Castione della Presolana ITA"]
[Date "2007.08.27"]
[Round "5"]
[White "Siebrecht, Sebastian"]
[Black "Horvath, Csaba"]
[Result "1/2-1/2"]
[WhiteElo "2431"]
[BlackElo "2558"]
[PlyCount "21"]
[EventDate "2007.08.23"]

1. Nf3 Nf6 2. d4 d5 3. c4 e6 4. Nc3 dxc4 5. e3 a6 6. a4 c5 7. Bxc4 Nc6 8. O-O
Be7 9. Qe2 cxd4 10. Rd1 e5 11. exd4 1/2-1/2

[Event "XXVII Festival Conca della Presolana A"]
[Site "Bratto - Castione della Presolana ITA"]
[Date "2007.08.27"]
[Round "5"]
[White "Stella, Andrea"]
[Black "Rombaldoni, Denis"]
[Result "1/2-1/2"]
[WhiteElo "2132"]
[BlackElo "2383"]
[PlyCount "50"]
[EventDate "2007.08.23"]

1. d4 Nf6 2. c4 e6 3. Nc3 Bb4 4. f3 d5 5. a3 Bxc3+ 6. bxc3 c5 7. e3 O-O 8. Bd3
Nc6 9. Ne2 dxc4 10. Bxc4 Na5 11. Bd3 Nd7 12. O-O e5 13. Bf5 Re8 14. Rb1 exd4
15. cxd4 c4 16. Bc2 Nf8 17. e4 Bd7 18. d5 b5 19. Nd4 a6 20. Qe1 Rc8 21. Qc3 Ng6
22. Bb2 f6 23. f4 Nb3 24. Nxb3 cxb3 25. Qxb3 Qb6+ 1/2-1/2

[Event "XXVII Festival Conca della Presolana A"]
[Site "Bratto - Castione della Presolana ITA"]
[Date "2007.08.27"]
[Round "5"]
[White "Stips, Felix"]
[Black "Fontana, Enrico"]
[Result "1-0"]
[WhiteElo "2041"]
[BlackElo "2128"]
[PlyCount "43"]
[EventDate "2007.08.23"]

1. e4 c5 2. Nf3 Nc6 3. d4 cxd4 4. Nxd4 e5 5. Nb5 a6 6. Nd6+ Bxd6 7. Qxd6 Qf6 8.
Qc7 Qg6 9. Nc3 Nge7 10. Be3 O-O 11. O-O-O d5 12. exd5 Nb4 13. Rd2 Nexd5 14.
Nxd5 Nxd5 15. Rxd5 Bf5 16. Qd6 Rac8 17. Qxg6 Rxc2+ 18. Kb1 hxg6 19. Bd3 Rc4 20.
Bxf5 gxf5 21. Rxe5 Rg4 22. g3 1-0

[Event "XXVII Festival Conca della Presolana A"]
[Site "Bratto - Castione della Presolana ITA"]
[Date "2007.08.27"]
[Round "5"]
[White "Tocchioni, Doriano"]
[Black "Bellia, Fabrizio"]
[Result "1-0"]
[WhiteElo "2261"]
[BlackElo "2405"]
[PlyCount "91"]
[EventDate "2007.08.23"]

1. d4 d5 2. Nf3 Nf6 3. g3 e6 4. Bg2 Be7 5. O-O O-O 6. c4 dxc4 7. Ne5 c5 8. dxc5
Qc7 9. c6 Nxc6 10. Nxc6 bxc6 11. Qa4 Nd5 12. Qxc4 Rb8 13. a3 Qb6 14. Rd1 Ba6
15. Qc2 Rfd8 16. Bf1 Bf6 17. Nd2 Bg5 18. Nc4 Bxc4 19. Bxg5 Bb3 20. Bxd8 Rxd8
21. Qd2 Bxd1 22. Rxd1 Rb8 23. b4 c5 24. bxc5 Qxc5 25. e4 Nf6 26. Qd8+ Qf8 27.
Qc7 Ra8 28. Qb7 a5 29. a4 h6 30. Bg2 e5 31. Qc7 Qe8 32. Ra1 Kf8 33. h3 Qe7 34.
Qc3 Qd6 35. Bf3 Ra7 36. Rb1 Qd4 37. Rb8+ Ke7 38. Qc8 g6 39. Qf8+ Ke6 40. Qxh6
Rd7 41. Qf8 Qa7 42. Ra8 Qc7 43. Kg2 Qb7 44. Rxa5 Nxe4 45. Rb5 Qc6 46. Qe8+ 1-0

[Event "XXVII Festival Conca della Presolana A"]
[Site "Bratto - Castione della Presolana ITA"]
[Date "2007.08.27"]
[Round "5"]
[White "Tommaselli, Giacomo"]
[Black "Carosso, Andrea"]
[Result "0-1"]
[WhiteElo "2030"]
[BlackElo "2046"]
[PlyCount "74"]
[EventDate "2007.08.23"]

1. d4 d5 2. Nf3 Nf6 3. Bf4 c5 4. c3 Qb6 5. Qb3 c4 6. Qxb6 axb6 7. Nbd2 b5 8.
Bxb8 Rxb8 9. g3 Bf5 10. Rc1 e6 11. a3 h6 12. Bg2 Bd6 13. O-O O-O 14. Rfe1 Bh7
15. h3 Rfe8 16. Nh2 Nd7 17. e4 Nb6 18. Re2 Kf8 19. e5 Bd3 20. Re3 Be7 21. Ra1
Na4 22. Ra2 Ra8 23. Bf1 Bh7 24. Re2 Nb6 25. f4 b4 26. cxb4 Bxb4 27. Ng4 Rec8
28. Nf3 Bb1 29. Ra1 Be4 30. Ngh2 Be7 31. Rc1 Na4 32. Re3 Nxb2 33. Nd2 Bh7 34.
Nb1 Nd3 35. Rd1 Bxa3 36. Ng4 Bb2 37. Nf2 Bxd4 0-1

[Event "XXVII Festival Conca della Presolana A"]
[Site "Bratto - Castione della Presolana ITA"]
[Date "2007.08.27"]
[Round "5"]
[White "Tramalloni, Luca"]
[Black "Lapiccirella, Daniele"]
[Result "0-1"]
[WhiteElo "2111"]
[BlackElo "2164"]
[PlyCount "88"]
[EventDate "2007.08.23"]

1. d4 d5 2. c4 c6 3. Nf3 Nf6 4. e3 e6 5. Nc3 Nbd7 6. b3 Bd6 7. Bd3 O-O 8. O-O
e5 9. cxd5 cxd5 10. Nb5 Bb8 11. dxe5 Nxe5 12. Be2 Nxf3+ 13. Bxf3 Be5 14. Nd4
Re8 15. Bb2 Ne4 16. Rc1 a5 17. Qc2 Ra6 18. g3 Bh3 19. Bg2 Bxg2 20. Kxg2 Qd7 21.
Ne2 Rc6 22. Qb1 Nd2 23. Qa1 Bxb2 24. Qxb2 Nxf1 25. Rxf1 Rh6 26. Ng1 Qf5 27. Qd4
Qe4+ 28. Qxe4 Rxe4 29. Nf3 Rc6 30. Rd1 Rc5 31. Nd4 g6 32. Kf3 Kg7 33. a4 Rc3
34. Ke2 Re7 35. Kd2 Rec7 36. Rb1 h6 37. Rd1 Kf6 38. Rb1 Ke5 39. f3 Rc8 40. Rh1
Rxe3 41. Kxe3 Rc3+ 42. Kd2 Kxd4 43. Ra1 Rxf3 44. b4 Rf2+ 0-1

[Event "XXVII Festival Conca della Presolana A"]
[Site "Bratto - Castione della Presolana ITA"]
[Date "2007.08.27"]
[Round "5"]
[White "Valsecchi, Alessio"]
[Black "Zimina, Olga"]
[Result "1/2-1/2"]
[WhiteElo "2175"]
[BlackElo "2377"]
[PlyCount "65"]
[EventDate "2007.08.23"]

1. e4 e5 2. Nf3 Nc6 3. Bb5 a6 4. Ba4 Nf6 5. O-O b5 6. Bb3 Be7 7. d4 d6 8. c3
Bg4 9. Be3 O-O 10. Nbd2 Bh5 11. d5 Nb8 12. a4 c6 13. axb5 cxb5 14. h3 Nbd7 15.
Bc2 Nb6 16. Qe2 Nfd7 17. g4 Bg6 18. Rfc1 Qb8 19. b3 Rc8 20. c4 a5 21. Ne1 bxc4
22. bxc4 Nc5 23. Rcb1 Qc7 24. Nd3 Nbd7 25. Nxc5 Nxc5 26. Rb5 Rcb8 27. f3 f6 28.
Nb3 Nxb3 29. Bxb3 Be8 30. Rxb8 Qxb8 31. Ba2 Kh8 32. Rb1 Qc7 33. Qb2 1/2-1/2

[Event "XXVII Festival Conca della Presolana A"]
[Site "Bratto - Castione della Presolana ITA"]
[Date "2007.08.27"]
[Round "5"]
[White "Vezzosi, Paolo"]
[Black "Castelfranchi, Carlo"]
[Result "1-0"]
[WhiteElo "2302"]
[BlackElo "2114"]
[PlyCount "107"]
[EventDate "2007.08.23"]

1. d4 Nf6 2. c4 g6 3. Nc3 d5 4. Nf3 Bg7 5. Bg5 Ne4 6. cxd5 Nxg5 7. Nxg5 e6 8.
Nf3 exd5 9. e3 O-O 10. b4 Qd6 11. Qb3 c6 12. Be2 Be6 13. O-O Nd7 14. Rac1 a5
15. b5 c5 16. Qa3 Rfc8 17. e4 dxe4 18. Nxe4 Qd5 19. Nc3 Qf5 20. d5 Bxd5 21.
Nxd5 Qxd5 22. Rfd1 Bd4 23. Bc4 Qf5 24. Nxd4 cxd4 25. Rxd4 Ne5 26. Be2 Rxc1+ 27.
Qxc1 Rc8 28. Qd1 g5 29. Rd8+ Rxd8 30. Qxd8+ Kg7 31. Qxa5 Qb1+ 32. Bf1 Qc1 33.
Qb4 Qd1 34. h3 h6 35. a4 Nd3 36. Qc4 Nf4 37. h4 Qe1 38. hxg5 hxg5 39. Qd4+ Kg6
40. Qe3 Qa1 41. a5 Qxa5 42. g3 Ne6 43. Qe4+ Kg7 44. Qxb7 Nd4 45. Qe4 Qb6 46.
Qe5+ Kf8 47. Qd5 Ke8 48. Kg2 Qf6 49. Bc4 Kf8 50. b6 Nc6 51. b7 Nb8 52. Qc5+ Kg7
53. Qc7 Nc6 54. Bd5 1-0

[Event "XXVII Festival Conca della Presolana A"]
[Site "Bratto - Castione della Presolana ITA"]
[Date "2007.08.27"]
[Round "5"]
[White "Wall, Gavin"]
[Black "Bruno, Fabio"]
[Result "0-1"]
[WhiteElo "2328"]
[BlackElo "2443"]
[PlyCount "92"]
[EventDate "2007.08.23"]

1. e4 c5 2. Nf3 e6 3. c3 Nf6 4. e5 Nd5 5. Na3 Nc6 6. Nc4 d6 7. Nxd6+ Bxd6 8.
exd6 Qxd6 9. d4 cxd4 10. Nxd4 O-O 11. Be2 Nxd4 12. Qxd4 e5 13. Qh4 Bf5 14. O-O
Bc2 15. Bc4 Rac8 16. Re1 Rfe8 17. Bb3 Bd3 18. Qg3 Bc4 19. Bc2 Nf4 20. Bxf4 exf4
21. Qh3 g6 22. Bb3 Bxb3 23. axb3 Qd2 24. Reb1 Rcd8 25. Qf3 Re2 26. Qxb7 Rxf2
27. Rd1 Rxg2+ 28. Qxg2 Qxd1+ 29. Rxd1 Rxd1+ 30. Kf2 Rd2+ 31. Kf3 Rxg2 32. Kxg2
f5 33. b4 a6 34. c4 Kf7 35. c5 Ke6 36. h4 h6 37. Kf3 g5 38. hxg5 hxg5 39. Kf2
Kd5 40. Kf3 Kc6 41. Kf2 g4 42. Kg2 f3+ 43. Kg3 f4+ 44. Kf2 Kb5 45. Kf1 g3 46.
Kg1 f2+ 0-1

[Event "XXVII Festival Conca della Presolana A"]
[Site "Bratto - Castione della Presolana ITA"]
[Date "2007.08.27"]
[Round "5"]
[White "Zoldan, Matteo"]
[Black "Campomori, Bruno"]
[Result "1/2-1/2"]
[WhiteElo "2128"]
[BlackElo "2043"]
[PlyCount "33"]
[EventDate "2007.08.23"]

1. e4 c5 2. Nf3 d6 3. d4 cxd4 4. Nxd4 Nf6 5. Nc3 a6 6. f3 e5 7. Nb3 Be6 8. Be3
Nc6 9. Qe2 Na5 10. Qf2 Nd7 11. Be2 Nc4 12. Bxc4 Bxc4 13. Nd2 Be6 14. O-O Rc8
15. Rfd1 Be7 16. Nb3 Rc6 17. Nd5 1/2-1/2

[Event "XXVII Festival Conca della Presolana A"]
[Site "Bratto - Castione della Presolana ITA"]
[Date "2007.08.28"]
[Round "6"]
[White "Bagaturov, Giorgi"]
[Black "Khenkin, Igor"]
[Result "1/2-1/2"]
[WhiteElo "2474"]
[BlackElo "2602"]
[PlyCount "20"]
[EventDate "2007.08.23"]

1. d4 Nf6 2. c4 e6 3. Nf3 d5 4. g3 dxc4 5. Qa4+ Nbd7 6. Qxc4 a6 7. Bg2 b5 8.
Qc2 Bb7 9. O-O c5 10. a4 cxd4 1/2-1/2

[Event "XXVII Festival Conca della Presolana A"]
[Site "Bratto - Castione della Presolana ITA"]
[Date "2007.08.28"]
[Round "6"]
[White "Bassis, Ivano"]
[Black "Astengo, Corrado"]
[Result "1/2-1/2"]
[WhiteElo "2026"]
[BlackElo "2109"]
[PlyCount "92"]
[EventDate "2007.08.23"]

1. e4 c5 2. Nf3 d6 3. d3 Nc6 4. g3 g6 5. Bg2 Bg7 6. O-O e5 7. c3 Nf6 8. Nbd2
O-O 9. a4 h6 10. Nc4 Be6 11. Nfd2 d5 12. exd5 Bxd5 13. Ne4 Nxe4 14. Bxe4 f5 15.
Bxd5+ Qxd5 16. Ne3 Qe6 17. f4 Rad8 18. Qe2 Qd7 19. Rd1 exf4 20. gxf4 Rfe8 21.
Qg2 Kh7 22. Nc2 Qd5 23. Be3 b6 24. Rd2 Qxg2+ 25. Kxg2 Na5 26. Rad1 Rd7 27. Kf3
Red8 28. Ne1 Bf6 29. Rg2 Nc4 30. Re2 g5 31. h3 Re8 32. Ng2 Kg6 33. Rg1 Kf7 34.
dxc4 Rd3 35. Rge1 Re4 36. Rd2 Rexe3+ 37. Nxe3 Rxd2 38. Nxf5 Rxb2 39. Nxh6+ Kg7
40. Nf5+ Kg6 41. Ne7+ Kf7 42. Nd5 gxf4 43. Kxf4 Ra2 44. Kg3 Kg7 45. h4 Rxa4 46.
Re4 Bd8 1/2-1/2

[Event "XXVII Festival Conca della Presolana A"]
[Site "Bratto - Castione della Presolana ITA"]
[Date "2007.08.28"]
[Round "6"]
[White "Bellia, Fabrizio"]
[Black "Andreoli, Renato"]
[Result "0-1"]
[WhiteElo "2405"]
[BlackElo "2145"]
[PlyCount "82"]
[EventDate "2007.08.23"]

1. e4 e5 2. Nf3 Nc6 3. Bb5 Nf6 4. O-O Nxe4 5. d4 Be7 6. Qe2 d5 7. Nxe5 Bd7 8.
Bxc6 Bxc6 9. Re1 Bd7 10. Nd2 Nd6 11. Nf1 Nc8 12. Bg5 O-O 13. Bxe7 Qxe7 14. Qf3
Qd6 15. Ne3 Ne7 16. c4 Be6 17. c5 Qd8 18. g3 c6 19. b4 f6 20. Nd3 Qd7 21. Nf4
Rae8 22. g4 Bf7 23. h4 g5 24. Ne2 Bg6 25. h5 Be4 26. Qg3 f5 27. f4 fxg4 28.
Nxg4 Nf5 29. Qh3 Qd8 30. fxg5 Qxg5 31. Kh2 Nh4 32. Rf1 Bf3 33. Ne5 Bxe2 34. Rg1
Rf2+ 35. Kh1 Rxe5 36. Rxg5+ Rxg5 37. Qe6+ Kh8 38. Qe8+ Kg7 39. h6+ Kxh6 40.
Qe6+ Kh5 41. Qe8+ Ng6 0-1

[Event "XXVII Festival Conca della Presolana A"]
[Site "Bratto - Castione della Presolana ITA"]
[Date "2007.08.28"]
[Round "6"]
[White "Bonafede, Alessandro"]
[Black "Borgo, Giulio"]
[Result "1/2-1/2"]
[WhiteElo "2234"]
[BlackElo "2421"]
[PlyCount "90"]
[EventDate "2007.08.23"]

1. e4 d6 2. d4 Nf6 3. Nc3 Nbd7 4. Nf3 e5 5. Bc4 Be7 6. O-O O-O 7. Re1 c6 8. a4
a5 9. h3 h6 10. b3 Re8 11. Ba3 Qc7 12. Qd2 Bf8 13. Rad1 Nb6 14. Bf1 Be6 15. g3
Rad8 16. Bg2 Nc8 17. Qe2 Ne7 18. Nb1 Ng6 19. c4 exd4 20. Nxd4 Bc8 21. Qc2 h5
22. Nf5 h4 23. g4 Bxf5 24. exf5 Rxe1+ 25. Rxe1 Nf4 26. Bb2 Nxg2 27. Kxg2 Re8
28. Rxe8 Nxe8 29. Nd2 Be7 30. Nf3 Qd8 31. Qd2 Kf8 32. g5 Qb6 33. f6 gxf6 34.
gxf6 Bxf6 35. Bxf6 Nxf6 36. Qxd6+ Kg7 37. Nxh4 Qxf2+ 38. Kxf2 Ne4+ 39. Ke3 Nxd6
40. c5 Ne8 41. Ke4 Kf6 42. Nf5 Ke6 43. Nd4+ Kf6 44. Nf5 Ke6 45. Nd4+ Kf6
1/2-1/2

[Event "XXVII Festival Conca della Presolana A"]
[Site "Bratto - Castione della Presolana ITA"]
[Date "2007.08.28"]
[Round "6"]
[White "Bonazzi, Edoardo"]
[Black "Gallucci, Alessio"]
[Result "0-1"]
[WhiteElo "2185"]
[BlackElo "2006"]
[PlyCount "76"]
[EventDate "2007.08.23"]

1. Nf3 Nf6 2. c4 c5 3. Nc3 Nc6 4. g3 g6 5. d4 Bg7 6. Bg2 O-O 7. O-O d6 8. d5
Na5 9. Nd2 a6 10. Qc2 Rb8 11. b3 b5 12. Bb2 bxc4 13. bxc4 Bh6 14. f4 e5 15. e3
exf4 16. gxf4 Ng4 17. Rae1 f5 18. Ba1 Bg7 19. Kh1 Rb7 20. h3 Nf6 21. Nd1 Re7
22. Bc3 Nh5 23. Kh2 Rfe8 24. Bxg7 Kxg7 25. Qc3+ Kg8 26. Bf3 Nxf4 27. Nb3 Nxb3
28. axb3 Nxh3 29. Kxh3 f4+ 30. Kg2 fxe3 31. Rxe3 Re5 32. Kf2 Qf6 33. Rxe5 Rxe5
34. Ne3 Qh4+ 35. Ke2 Bh3 36. Rg1 Qf4 37. Re1 g5 38. Kd2 Qxf3 0-1

[Event "XXVII Festival Conca della Presolana A"]
[Site "Bratto - Castione della Presolana ITA"]
[Date "2007.08.28"]
[Round "6"]
[White "Brunello, Sabino"]
[Black "Qendro, Llambi"]
[Result "0-1"]
[WhiteElo "2475"]
[BlackElo "2386"]
[PlyCount "52"]
[EventDate "2007.08.23"]

1. e4 g6 2. d4 Bg7 3. Nc3 c6 4. Bc4 d6 5. Qf3 e6 6. Bf4 Nd7 7. O-O-O Qe7 8. Qe2
e5 9. dxe5 dxe5 10. Be3 Ngf6 11. Nf3 O-O 12. h4 b5 13. Bd3 Nc5 14. Nd2 Be6 15.
Nb3 Nxb3+ 16. cxb3 a5 17. Rd2 a4 18. bxa4 b4 19. Nd1 Bxa2 20. Bc4 Bxc4 21. Qxc4
Rxa4 22. Bc5 Ra1+ 23. Kc2 b3+ 24. Kxb3 Nxe4 25. Bxe7 Nxd2+ 26. Kc3 Nxc4 0-1